000 00400nam a2200133 a 4500
001 000038832
005 20201002031403.0
008 130426s2004 dr a 000 0 spa d
100 1 _aDalmasí, Lidia
_919597
245 1 0 _aMat-100 : procesos y conceptualización /
_cLidia Dalmasí, José Báez.
260 _a[Santo Domingo] :
_b[s. n.],
_c[s. f.].
300 _a124 p. : ;
_c27 cm.
999 _c38322
_d38322
040 _aDO-SdBNP